Análisis del discurso: ¿por qué y para qué?
Spremljeno u:
| Glavni autor: | |
|---|---|
| Format: | Knjiga |
| Jezik: | španjolski |
| Izdano: |
Caracas
Los Libros de El Nacional
2007
Caracas Universidad Central Caracas Venezuela 2007 |
| Serija: | Minerva Manuales Universitarios
|
| Teme: | |
| Oznake: |
Dodaj oznaku
Bez oznaka, Budi prvi tko označuje ovaj zapis!
|
MARC
| LEADER | 00000nam a2200000 a 4500 | ||
|---|---|---|---|
| 001 | UCH2964 | ||
| 003 | CL-VaPUC | ||
| 005 | 20240923142340.0 | ||
| 008 | 090709e20070000ve |||||||||||||||||spa|d | ||
| 999 | |c 334622 |d 334620 | ||
| 020 | |a 9789803883508 | ||
| 040 | |c Pontificia Universidad Católica de Valparaíso | ||
| 082 | 0 | 4 | |a 401.41 |b BOL |2 21 |
| 100 | 0 | |a Bolívar, Adriana |e author |9 538049 | |
| 245 | 1 | 0 | |a Análisis del discurso: ¿por qué y para qué? |
| 260 | |a Caracas |b Los Libros de El Nacional |c 2007 | ||
| 260 | |a Caracas |b Universidad Central Caracas Venezuela |c 2007 | ||
| 300 | |a 392 p | ||
| 490 | 0 | |a Minerva Manuales Universitarios | |
| 583 | |a last modification |c 20171121 12:32:59 |k Rodrigo Vera | ||
| 650 | 0 | |a Análisis del discurso |9 256696 | |
| 650 | 0 | |a Análisis de contenido |9 318914 | |
| 650 | 0 | |a Lingüística |9 265068 | |
| 650 | 0 | |a Oratoria |9 307605 | |
| 650 | 0 | |a Análisis lingüístico |9 314711 | |
| 942 | |c BK |2 ddc | ||
| 945 | |d 20090709 00:00:00 |a rbrito | ||
| 952 | |0 0 |1 0 |4 0 |6 401_410000000000000_BOL_2007_2007 |7 0 |8 A |9 423734 |a FDOPOS |b BIBEDU |d 2019-11-22 |i 4570103 |l 2 |o 401.41 BOL 2007 2007 |p 4570103 |r 2025-01-22 |s 2024-09-12 |w 2019-11-22 |y BK |k DLA | ||